Organic products from Argentina =

Bibliographic Details
Format: Book
Published: Buenos Aires: Foundation Exportar, 1996.
Subjects:
LEADER 00433cam a2200133 7i4500
001 0000009893
005 20010725090000.0
090 0 0 |a ARGT 635.0484   |b ORG 
245 0 0 |a Organic products from Argentina =   |l Productos organicos de Argentina. 
260 0 0 |a Buenos Aires:   |b Foundation Exportar,   |c 1996. 
300 # # |a [n.p]. 
650 0 0 |a Organic products --   |z Argentina  
651 0 0 |a Argentina  
999 |a 0000011132  |b Book  |c Countries  |e Business Information Centre